La formación de postgrado en psicología clínica a través del sistema PIR (Record no. 197203)

MARC details
000 -LEADER
campo de control de longitud fija 02399nim a2200433 i 4500
001 - NÚMERO DE CONTROL
campo de control 197203
003 - IDENTIFICADOR DE NÚMERO DE CONTROL
campo de control ES-MaACL
005 - FECHA Y HORA DE LA ÚLTIMA TRANSACCIÓN
campo de control 20250828062557.0
007 - CAMPO FIJO DE DESCRIPCIÓN FÍSICA--INFORMACIÓN GENERAL
campo de control de longitud fija ss lsnjlcipnne
008 - DATOS DE LONGITUD FIJA--INFORMACIÓN GENERAL
campo de control de longitud fija 250424s1990 sp nnnn |||| 00| spa d
040 ## - FUENTE DE CATALOGACIÓN
Lengua de catalogación spa
Centro/agencia transcriptor ES-MaACL
245 01 - MENCIÓN DEL TÍTULO
Título La formación de postgrado en psicología clínica a través del sistema PIR
Medio [Grabación sonora] :
Resto del título mesa redonda /
Mención de responsabilidad, etc. intervienen Alfonso Hernández, Begoña Olabarría, Ladislao Lara, Fernando de la Torriente y Juan Casco Solís; presenta Consuelo Escudero. <br/><br/>
260 ## - PUBLICACIÓN, DISTRIBUCIÓN, ETC.
Lugar de publicación, distribución, etc. Madrid :
Nombre del editor, distribuidor, etc. Ateneo de Madrid,
Fecha de publicación, distribución, etc. 1990.
300 ## - DESCRIPCIÓN FÍSICA
Extensión 2 casetes (ca. 180 min) :
Otras características físicas son ;
Dimensiones 11 cm
490 1# - MENCIÓN DE SERIE
Materiales especificados Actos culturales en el Ateneo de Madrid
518 ## - NOTA DE FECHA/HORA Y LUGAR DE UN ACONTECIMIENTO
Nota de fecha/hora y lugar de un acontecimiento Grabado el 8 de mayo de 1990 en el Salón de Actos del Ateneo de Madrid.
520 ## - RESUMEN, ETC.
Sumario, etc. Mesa redonda titulada La formación de postgrado en psicología clínica a través del sistema PIR. Intervienen Alfonso Hernández, decano del Colegio Oficial de Psicólogos, Begoña Olabarría, secretaria general del Colegio Oficial de Psicólogos, Ladislao Lara, director gerente del Instituto Andaluz de Salud Mental, Fernando de la Torriente, subdirector General de Planificación Sanitaria. Ministerio de Sanidad y Consumo, y Juan Casco Solís, coordinador de docencia del Servicio de Salud Mental. Comunidad Autónoma de Madrid. <br/><br/>
540 ## - NOTA DE CONDICIONES DE USO Y REPRODUCCIÓN
Condiciones de uso y reproducción Documento inédito
594 ## - Nota al título y mención de responsabilidad
a Datos tomados de la invitación.
610 20 - PUNTO DE ACCESO ADICIONAL DE MATERIA--NOMBRE DE ENTIDAD CORPORATIVA
Nombre de entidad corporativa o nombre de jurisdicción como elemento de entrada Ateneo de Madrid-
Subdivisión general Actos culturales-
Subdivisión cronológica 1990-
Subdivisión de forma Grabaciones sonoras
9 (RLIN) 240083
650 #7 - PUNTO DE ACCESO ADICIONAL DE MATERIA--TÉRMINO DE MATERIA
Término de materia o nombre geográfico como elemento de entrada Psicología clínica
Fuente del encabezamiento o término embne
9 (RLIN) 16553
653 ## - TÉRMINO DE INDIZACIÓN--NO CONTROLADO
Término no controlado Archivo de la palabra
655 #0 - TERMINO DE INDIZACIÓN--GENERO/FORMA
Datos o término principal de género/forma Conferencias
9 (RLIN) 234444
700 1# - ENTRADA AGREGADA--NOMBRE PERSONAL
Nombre de persona Olabarría, Begoña,
Fechas asociadas al nombre 1954-
Término indicativo de función/relación Orador
9 (RLIN) 86632
700 0# - ENTRADA AGREGADA--NOMBRE PERSONAL
9 (RLIN) 47679
Nombre de persona Escudero, Consuelo
Término indicativo de función/relación presentador
700 1# - ENTRADA AGREGADA--NOMBRE PERSONAL
9 (RLIN) 240257
Nombre de persona Hernández Gordillo, Adolfo
Término indicativo de función/relación Orador
700 ## - ENTRADA AGREGADA--NOMBRE PERSONAL
9 (RLIN) 240253
Nombre de persona Díaz, M. Eugenia
Término indicativo de función/relación Orador
700 ## - ENTRADA AGREGADA--NOMBRE PERSONAL
9 (RLIN) 240254
Nombre de persona Lara, Ladislao
Término indicativo de función/relación Orador
700 ## - ENTRADA AGREGADA--NOMBRE PERSONAL
9 (RLIN) 240255
Nombre de persona de la Torriente, Fernando
Término indicativo de función/relación Orador
700 ## - ENTRADA AGREGADA--NOMBRE PERSONAL
9 (RLIN) 240256
Nombre de persona Casco Solís, Juan
Término indicativo de función/relación Orador
710 2# - ENTRADA AGREGADA--NOMBRE DE ENTIDAD CORPORATIVA
9 (RLIN) 2008
Nombre de entidad corporativa o nombre de jurisdicción como elemento de entrada Ateneo de Madrid.
Término indicativo de función/relación Sede
Unidad subordinada Sección de Psicología
710 ## - ENTRADA AGREGADA--NOMBRE DE ENTIDAD CORPORATIVA
9 (RLIN) 240249
Nombre de entidad corporativa o nombre de jurisdicción como elemento de entrada Junta Estatal del Colegio Oficial de Psicología
Término indicativo de función/relación Colaborador
830 #0 - PUNTO DE ACCESO ADICIONAL DE SERIE-TÍTULO UNIFORME
Título uniforme Actos culturales en el Ateneo de Madrid
9 (RLIN) 240237
852 ## - LOCALIZACIÓN
Ubicación ES-MaACL
Ubicación en estantería Depósito Z
itemnumber 205278
852 ## - LOCALIZACIÓN
Ubicación ES-MaACL
Ubicación en estantería Depósito Z
itemnumber 205278
942 ## - ELEMENTOS DE ENTRADA SECUNDARIOS (KOHA)
Fuente del sistema de clasificación o colocación Clasificación decimal universal
Suprimir en OPAC No
Tipo de ítem Koha Casete
Holdings
Estatus retirado Estado de pérdida Fuente del sistema de clasificación o colocación Estado de daño No para préstamo Colección Biblioteca de origen Biblioteca actual Ubicación en estantería Fecha de adquisición Total de préstamos Signatura topográfica completa Código de barras Visto por última vez Precio de reemplazo Tipo de ítem Koha
    Clasificación decimal universal     Archivo de la palabra Biblioteca del Ateneo de Madrid Biblioteca del Ateneo de Madrid Depósito Z 07/05/2025   AP/1025 2025-0140 07/05/2025 07/05/2025 Casete
    Clasificación decimal universal     Archivo de la palabra Biblioteca del Ateneo de Madrid Biblioteca del Ateneo de Madrid Depósito Z 07/05/2025   AP/1026 2025-0141 07/05/2025 07/05/2025 Casete